ARRUPE JESUIT UNIVERSITY

CORONAVIRUS -STOP THE SPREAD - CLEAN,DISINFECT,COVER

Blame me on history / (Record no. 131465)

MARC details
000 -LEADER
fixed length control field 01121cam a2200325 a 4500
001 - CONTROL NUMBER
control field 2415211
003 - CONTROL NUMBER IDENTIFIER
control field ARRUPE
005 - DATE AND TIME OF LATEST TRANSACTION
control field 20220519122250.0
008 - FIXED-LENGTH DATA ELEMENTS--GENERAL INFORMATION
fixed length control field 860903s1986 sa 000 0aeng
010 ## - LIBRARY OF CONGRESS CONTROL NUMBER
LC control number 86200791
020 ## - INTERNATIONAL STANDARD BOOK NUMBER
International Standard Book Number 0868520985 (pbk.)
040 ## - CATALOGING SOURCE
Original cataloging agency DLC
Transcribing agency DLC
Modifying agency DLC
043 ## - GEOGRAPHIC AREA CODE
Geographic area code f-sa---
050 00 - LIBRARY OF CONGRESS CALL NUMBER
Classification number PR9369.3.M59
Item number Z462 1986
082 00 - DEWEY DECIMAL CLASSIFICATION NUMBER
Classification number 822
-- B
Edition number 19
300 ## - PHYSICAL DESCRIPTION
Dimensions 20 cm.
100 1# - MAIN ENTRY--PERSONAL NAME
Personal name Modisane, Bloke,
Dates associated with a name -1986.
9 (RLIN) 51686
245 10 - TITLE STATEMENT
Title Blame me on history /
Statement of responsibility, etc Bloke Modisane.
260 ## - PUBLICATION, DISTRIBUTION, ETC. (IMPRINT)
Place of publication, distribution, etc Craighall :
Name of publisher, distributor, etc Ad. Donker,
Date of publication, distribution, etc 1986.
300 ## - PHYSICAL DESCRIPTION
Extent 311 p. ;
490 0# - SERIES STATEMENT
Series statement Paper books
600 10 - SUBJECT ADDED ENTRY--PERSONAL NAME
Personal name Modisane, Bloke,
Dates associated with a name -1986.
9 (RLIN) 51686
650 #0 - SUBJECT ADDED ENTRY--TOPICAL TERM
Topical term or geographic name as entry element Authors, South African
Chronological subdivision 20th century
General subdivision Biography.
9 (RLIN) 51687
650 #0 - SUBJECT ADDED ENTRY--TOPICAL TERM
Topical term or geographic name as entry element Actors
Geographic subdivision South Africa
General subdivision Biography.
9 (RLIN) 51688
650 #0 - SUBJECT ADDED ENTRY--TOPICAL TERM
Topical term or geographic name as entry element Blacks
Geographic subdivision South Africa
General subdivision Intellectual life.
9 (RLIN) 9419
651 #0 - SUBJECT ADDED ENTRY--GEOGRAPHIC NAME
Geographic name Triomf (Johannesburg, South Africa)
General subdivision Intellectual life.
9 (RLIN) 51689
651 #0 - SUBJECT ADDED ENTRY--GEOGRAPHIC NAME
Geographic name Johannesburg (South Africa)
General subdivision Intellectual life
Chronological subdivision 20th century.
9 (RLIN) 51690
906 ## - LOCAL DATA ELEMENT F, LDF (RLIN)
a 7
b cbc
c orignew
d 3
e ncip
f 19
g y-gencatlg
942 ## - ADDED ENTRY ELEMENTS (KOHA)
Source of classification or shelving scheme Library of Congress Classification
Koha item type Monograph ( Printed materials)
Holdings
Withdrawn status Lost status Source of classification or shelving scheme Damaged status Not for loan Collection code Home library Current library Shelving location Date acquired Total Checkouts Full call number Barcode Date last seen Price effective from Koha item type
    Library of Congress Classification     Main Collection ARRUPE LIBRARY ARRUPE LIBRARY Main Collection 19/05/2022   PR9369.3.M59 Z462 1986 46600008623 19/05/2022 19/05/2022 Monograph ( Printed materials)

 

Arrupe Library. PO Box MP320 Mt Pleasant, Harare, Zimbabwe
263 242 745411|librarian@aju.ac.zw